UBT Library

COLLEGE KEYBOARDING & DOCUMENT PROCESSING (Record no. 22340)

000 -LEADER
fixed length control field 00311nam a22001337a 4500
008 - FIXED-LENGTH DATA ELEMENTS--GENERAL INFORMATION
fixed length control field 170801b xxu||||| |||| 00| 0 eng d
020 ## - INTERNATIONAL STANDARD BOOK NUMBER
International Standard Book Number 9780073368351
041 ## - LANGUAGE CODE
Language code of text/sound track or separate title eng
080 ## - UNIVERSAL DECIMAL CLASSIFICATION NUMBER
Edition identifier 10TH
Universal Decimal Classification number 004
100 ## - Rafti
Rafti 32
101 ## - Shkurtesa
Shkurtesa SHK
245 ## - TITLE STATEMENT
Title COLLEGE KEYBOARDING & DOCUMENT PROCESSING
Statement of responsibility, etc OBER
942 ## - ADDED ENTRY ELEMENTS (KOHA)
Source of classification or shelving scheme
Item type Books
Holdings
Withdrawn status Lost status Source of classification or shelving scheme Damaged status Not for loan Collection code Permanent location Current location Shelving location Date acquired Total Checkouts Full call number Barcode Date last seen Price effective from Koha item type
          Koleksioni i përgjithshem UBT - Lipjan UBT - Lipjan Koleksioni i përgjithshem 08/01/2017   004 OBE 002-2913602 08/01/2017 08/01/2017 Books
UBT Library © 2015-2024. All rights reserved University Education for Business and Technology